El testamento militar (Registro nro. 79163)

Detalles MARC
000 -LEADER
campo de control de longitud fija 00751nam a2200193 i 4500
001 - NÚMERO DE CONTROL
campo de control 79163
003 - IDENTIFICADOR DE NÚMERO DE CONTROL
campo de control ES-MaACL
005 - FECHA Y HORA DE LA ÚLTIMA TRANSACCIÓN
campo de control 20250811071520.0
007 - CAMPO FIJO DE DESCRIPCIÓN FÍSICA--INFORMACIÓN GENERAL
campo de control de longitud fija t|
008 - DATOS DE LONGITUD FIJA--INFORMACIÓN GENERAL
campo de control de longitud fija 041020s1946 sp ||||1| spa d
100 1# - ENTRADA PRINCIPAL--NOMBRE DE PERSONA
Nombre de persona Hernández Gil, Antonio,
Fechas asociadas al nombre 1915-1994
9 (RLIN) 62943
245 13 - MENCIÓN DEL TÍTULO
Título El testamento militar
Resto del título : (en torno a un sistema hereditario militar romano) /
Mención de responsabilidad, etc. Antonio Hernández Gil.
260 ## - PUBLICACIÓN, DISTRIBUCIÓN, ETC.
Lugar de publicación, distribución, etc. Madrid :
Nombre del editor, distribuidor, etc. Ministerio de Justicia :
-- Consejo Superior de Investigaciones Científicas,
Fecha de publicación, distribución, etc. 1946 (
Fabricante González)
300 ## - DESCRIPCIÓN FÍSICA
Extensión 241 p. ;
Dimensiones 20 cm.
710 1# - ENTRADA AGREGADA--NOMBRE DE ENTIDAD CORPORATIVA
Nombre de entidad corporativa o nombre de jurisdicción como elemento de entrada España.
Unidad subordinada Ministerio de Justicia
9 (RLIN) 3895
710 2# - ENTRADA AGREGADA--NOMBRE DE ENTIDAD CORPORATIVA
Nombre de entidad corporativa o nombre de jurisdicción como elemento de entrada Consejo Superior de Investigaciones Científicas (España)
9 (RLIN) 3236
852 ## - LOCALIZACIÓN
Ubicación ES-MaACL
Número de control de estantería E-2043
Sublocalización o colección R.23016
Existencias
Estatus retirado Estado de pérdida Estado de daño No para préstamo Biblioteca de origen Biblioteca actual Ubicación en estantería Fecha de adquisición Fuente de adquisición Total de préstamos Signatura topográfica completa Código de barras Visto por última vez Precio de reemplazo Tipo de ítem Koha
        Biblioteca del Ateneo de Madrid Biblioteca del Ateneo de Madrid Depósito 2 17/01/2008     E-2043 1082788 23/02/2023 23/02/2023 Libro impreso